1885 1730 1956 1256 1640 1593 1930 1307 1156 1436 1167 1387 1467 1641 1678 1279 1057 1303 1476 1359 1037 1433 1392 1704 1937 1306 1725 1553 1668 1623 1482 1907 1910 1553 1770 1501 1863 1776 1675 1804 1620 1715 1805 1537 1461 1817 1061 1483 1934 1357 1947 1512 1793 1064 1768 1077 1980 1732 1059 1256 1428 1464 1797 1460 1982 1435 1675 1738 1235 1935 1671 1389 1805 1435 1389 1385 1765 1305 1796 1292 1583 1706 1674 1725 1245 1911 1672 1568 1420 1340 1694 1626 1574 1019 1698 1146 1038 1538 1295 BCNSPRNW ULIB Ver.6.0+V

เปลี่ยนเป็นภาษาไทย

Change to English
 แสดงรายละเอียดบรรณานุกรม
  กลับหน้าหลัก

Brief Record : Get Marc (ISO 2709) : E-mail record : QR code < ปิดหน้าต่าง
LEADER : 00000nam 2200000uu 4500
001    13399124248
003     ULIB
008    150215s2557||||th 000 0 tha d
020    ^a9789740332183
060  4 ^aWW140^bจ234
110 1  ^aจุฬาลงกรณ์มหาวิทยาลัย.^bคณะแพทยศาสตร์.^bภาควิชาจักษุวิทยา
245 00 ^aจักษุจุฬา^b=Chula Eye Book. /^cบรรณาธิการ เปรมจิต เศาณานนท์
246 0  ^aChula Eye Book
250    ^aพิมพ์ครั้งที่ 1.
260    ^aกรุงเทพฯ :^bภาควิชาจักษุวิทยา คณะแพทยศาสตร์ จุฬาลงกรณ์มหาวิทยาลัย,^c2557.
300    ^a326 หน้า :^bภาพประกอบ
650  7 ^aตา, โรค^xการรักษา
650  7 ^aตา, โรค^xการวินิจฉัย
700 0  ^aเปรมจิต เศาณานนท์,^cบรรณาธิการ
945    ^p220^l0^i039101
945    ^p220^l0^i039102
945    ^p220^l0^i039103
945    ^p220^l0^i039104
945    ^p220^l0^i039105
945    ^p220^l0^i039106
945    ^p220^l0^i039107
999    ^aทศพร
รายการนี้ยังไม่มีแท็ก
คุณยังไม่ได้ล็อกอิน คุณสามารถมีกิจกรรมร่วมกับเว็บไซต์ได้ แต่ต้องล็อกอินก่อน ::
  ล็อกอิน

รายการสื่อสารสนเทศ

ลำดับที่ ประเภท เลขเรียก/บาร์โค้ด สถานที่ สถานะ
1. วิทยาศาสตร์การแพทย์ และสุขภาพ
วิทยาศาสตร์การแพทย์ และสุขภาพ
สถานะ=หนังสือเก่า
WW140 จ234 ฉ.1 
  Barcode: 039101
ห้องสมุดวิทยาเขตสวรรค์ประชารักษ์
►ส่วนจัดเก็บหนังสือเก่า สปร
บนชั้น
  ขอยืม
2. วิทยาศาสตร์การแพทย์ และสุขภาพ
วิทยาศาสตร์การแพทย์ และสุขภาพ
WW140 จ234 ฉ.2 
  Barcode: 039102
ห้องสมุดวิทยาเขตสวรรค์ประชารักษ์
►หนังสือทั่วไป
บนชั้น
3. วิทยาศาสตร์การแพทย์ และสุขภาพ
วิทยาศาสตร์การแพทย์ และสุขภาพ
สถานะ=หนังสือเก่า
WW140 จ234 ฉ.3 
  Barcode: 039103
ห้องสมุดวิทยาเขตสวรรค์ประชารักษ์
►ส่วนจัดเก็บหนังสือเก่า สปร
บนชั้น
  ขอยืม
4. วิทยาศาสตร์การแพทย์ และสุขภาพ
วิทยาศาสตร์การแพทย์ และสุขภาพ
สถานะ=หนังสือเก่า
WW140 จ234 ฉ.4 
  Barcode: 039104
ห้องสมุดวิทยาเขตสวรรค์ประชารักษ์
►ส่วนจัดเก็บหนังสือเก่า สปร
บนชั้น
  ขอยืม
5. วิทยาศาสตร์การแพทย์ และสุขภาพ
วิทยาศาสตร์การแพทย์ และสุขภาพ
สถานะ=หนังสือเก่า
WW140 จ234 ฉ.5 
  Barcode: 039105
ห้องสมุดวิทยาเขตสวรรค์ประชารักษ์
►ส่วนจัดเก็บหนังสือเก่า สปร
บนชั้น
  ขอยืม
6. วิทยาศาสตร์การแพทย์ และสุขภาพ
วิทยาศาสตร์การแพทย์ และสุขภาพ
สถานะ=หนังสือเก่า
WW140 จ234 ฉ.6 
  Barcode: 039106
ห้องสมุดวิทยาเขตสวรรค์ประชารักษ์
►ส่วนจัดเก็บหนังสือเก่า สปร
บนชั้น
  ขอยืม
7. วิทยาศาสตร์การแพทย์ และสุขภาพ
วิทยาศาสตร์การแพทย์ และสุขภาพ
สถานะ=หนังสือเก่า
WW140 จ234 ฉ.7 
  Barcode: 039107
ห้องสมุดวิทยาเขตสวรรค์ประชารักษ์
►ส่วนจัดเก็บหนังสือเก่า สปร
บนชั้น
  ขอยืม

BibComment


ยังไม่เคยถูกคอมเมนท์

คอมเมนท์ทรัพยากรรายการนี้
  คอมเมนท์: จักษุจุฬา Chula ..


 Copyright 2026. Bcnsprnw @Library